The Great Pyramid and the Sphinx / (رقم التسجيلة. 22047)

تفاصيل مارك
000 -LEADER
fixed length control field 00523nam a22001937a 4500
005 - DATE AND TIME OF LATEST TRANSACTION
control field 20251108165213.0
008 - FIXED-LENGTH DATA ELEMENTS--GENERAL INFORMATION
fixed length control field 250721s1996 xx 000 0 eng d
082 14 - DEWEY DECIMAL CLASSIFICATION NUMBER
Classification number J/632/GRE
100 1# - MAIN ENTRY--PERSONAL NAME
Personal name b . bishay, asham
245 14 - TITLE STATEMENT
Title The Great Pyramid and the Sphinx /
264 1# - PRODUCTION, PUBLICATION, DISTRIBUTION, MANUFACTURE, AND COPYRIGHT NOTICE
Place of production, publication, distribution, manufacture beirut :
Name of producer, publisher, distributor, manufacturer librairie du liban,
Date of production, publication, distribution, manufacture, or copyright notice 1996.
300 ## - PHYSICAL DESCRIPTION
Extent 32P.
490 0# - SERIES STATEMENT
Series statement BUTTERFLY BOOKS
650 17 - SUBJECT ADDED ENTRY--TOPICAL TERM
Topical term or geographic name as entry element SPHINX
650 17 - SUBJECT ADDED ENTRY--TOPICAL TERM
Topical term or geographic name as entry element ANCINT EGYPTION HISTORY SPHINX
653 ## - INDEX TERM--UNCONTROLLED
Uncontrolled term ناشاون صغار (10-14)سنه
942 ## - ADDED ENTRY ELEMENTS (KOHA)
Source of classification or shelving scheme Dewey Decimal Classification
Koha item type كتب
المقتنيات
حالة السحب حالة الفقدان مصدر التصنيف حالة التلف غير قابل للإعارة المكتبة الرئيسية المكتبة الحالية موقع الرف تاريخ التزويد الرقم المتسلسل Total Checkouts رقم الإستدعاء الباركود تاريخ آخر ظهور تاريخ الفاتورة نوع المادة (كوها)
    Dewey Decimal Classification     المكتبة المركزية المكتبة المركزية مقتنيات قسم التزويد 28/07/2025 1273872   J/632/GRE PLD00086457 28/07/2025 28/07/2025 كتب
    Dewey Decimal Classification     مكتبة الأميرة سلمى مكتبة الأميرة سلمى الأطفال 16/03/2016 568713   J/632/GRE PLD00380358 28/07/2025 16/03/2016 كتب
    Dewey Decimal Classification     مكتبة الراية الهاشمية للأطفال مكتبة الراية الهاشمية للأطفال الأطفال 17/05/2009 1273877   J/632/GRE PLD00091884 28/07/2025 17/05/2009 كتب
    Dewey Decimal Classification     مكتبة الياسمين للأطفال مكتبة الياسمين للأطفال الأطفال 30/03/2014 557472   J/632/GRE PLD00297206 28/07/2025 30/03/2014 كتب
    Dewey Decimal Classification     مكتبة حمزة العامة مكتبة حمزة العامة الأطفال 17/05/2009 1273876   J/632/GRE PLD00091883 28/07/2025 17/05/2009 كتب
    Dewey Decimal Classification     مكتبة وادي السير العامة مكتبة وادي السير العامة الأطفال 17/05/2009 1273878   J/632/GRE PLD00091885 28/07/2025 17/05/2009 كتب
    Dewey Decimal Classification     مكتبة ومركز فرح مكتبة ومركز فرح الأطفال 17/05/2009 1273874   J/632/GRE PLD00091881 28/07/2025 17/05/2009 كتب
Implemented & Customized by: BBB with SCIT (Smart Chains for Information Technology)

Powered by Koha